Fußball WM 2026 - Alle Teams - Statistiken

Allgemein
  • Dieses Quiz wurde 497 mal gespielt
    35 seit der letzten Aktualisierung
  • Das Durchschnittsergebnis liegt bei 34 aus 48
Antwortstatistiken
Gruppe Nation % Korrekt
Gr E Deutschland
95%
Gr E Ecuador
95%
Gr D USA
95%
Gr C Brasilien
89%
Gr B Kanada
89%
Gr C Marokko
89%
Gr A Mexiko
89%
Gr E Curaçao
84%
Gr I Frankreich
84%
Gr K Portugal
84%
Gr D Türkei
84%
Gr L England
79%
Gr F Schweden
79%
Gr A Südafrika
79%
Gr J Argentinien
74%
Gr B Bosnien*
74%
Gr E Elfenbeinküste
74%
Gr C Haiti
74%
Gr G Iran
74%
Gr F Japan
74%
Gr B Schweiz
74%
Gr A Südkorea
74%
Gr A Tschechien
74%
Gr G Ägypten
68%
Gr D Australien
68%
Gr G Belgien
68%
Gr L Ghana
68%
Gr I Irak
68%
Gr B Katar
68%
Gr L Kroatien
68%
Gr F Niederlande
68%
Gr J Österreich
68%
Gr D Paraguay
68%
Gr C Schottland
68%
Gr H Spanien
68%
Gr I Norwegen
63%
Gr I Senegal
63%
Gr K Kolumbien
58%
Gr G Neuseeland
58%
Gr K Usbekistan
58%
Gr J Algerien
53%
Gr H Saudi-Arabien
53%
Gr K DR Kongo
47%
Gr F Tunesien
47%
Gr H Uruguay
47%
Gr J Jordanien
42%
Gr H Kap Verde
42%
Gr L Panama
32%
Keine übereinstimmenden Quizze gefunden
Verteilung der Resultate
Anzahl Personen mit jedem Resultat
Perzentil nach korrekt beantworteten Fragen
Ihre Resultats-Entwicklung
Sie haben dieses Quiz seit der letzten Aktualisierung nicht gespielt